[Event "Eindhoven WLC op 12th"]
[Site "Eindhoven"]
[Date "2022.05.13"]
[Round "1"]
[White "Straat, Evert Jan"]
[Black "Oskam, Julian"]
[Result "1/2-1/2"]
[WhiteElo "2034"]
[BlackElo "1627"]
[PlyCount "41"]
[EventDate "2022.05.13"]
[EventType "swiss"]
[EventRounds "6"]
[EventCountry "NED"]
[SourceTitle "CBM 208 Extra"]
[Source "ChessBase"]
[SourceDate "2022.07.31"]
[SourceVersion "1"]
[SourceVersionDate "2022.07.31"]
[SourceQuality "1"]

1. d4 Nf6 2. c4 e6 3. Nc3 d5 4. Bg5 Be7 5. cxd5 exd5 6. e3 h6 7. Bf4 Bd6 8. Bg3 Bf5 9. Nf3 Bxg3 10. hxg3 c6 11. Bd3 Bxd3 12. Qxd3 Qe7 13. 0-0-0 Ne4 14. Qc2 Nxc3 15. Qxc3 Nd7 16. Kb1 Nb6 17. Ka1 Nc4 18. e4 Nb6 19. e5 0-0-0 20. Nd2 Kb8 21. f4 1/2-1/2